|
|
|
|
| LEADER |
00000nam0a2200000 4500 |
| 001 |
174979 |
| 005 |
20231101223210.0 |
| 010 |
|
|
|a 9785222161616
|
| 035 |
|
|
|a (RuTPU)RU\TPU\book\189744
|
| 090 |
|
|
|a 174979
|
| 100 |
|
|
|a 20100208d2009 m y0rusy50 ca
|
| 101 |
0 |
|
|a rus
|
| 102 |
|
|
|a RU
|
| 105 |
|
|
|a a j 001zy
|
| 200 |
1 |
|
|a Методы оптимизации
|e практикум
|f Б. В. Соболь, Б. Ч. Месхи, Г. И. Каныгин
|
| 210 |
|
|
|a Ростов-на-Дону
|c Феникс
|d 2009
|
| 215 |
|
|
|a 378 с.
|c ил.
|
| 225 |
1 |
|
|a Высшее образование
|
| 320 |
|
|
|a Библиогр.: с. 374-375.
|
| 330 |
|
|
|a В компактный практикум вошли разделы курса «Методы оптимизации» для широкого спектра специальностей высших учебных заведений. Основная цель предлагаемого издания — оказать студентам практическую помощь в изучении методов оптимизации. В практикуме приводятся численные методы поиска безусловного экстремума функций одной и многих переменных. Рассмотрены численные методы решения задач на условный экстремум. Подробно описаны алгоритмы решения задач линейного программирования, целочисленного программирования и транспортных задач. Во всех разделах книги дается алгоритм численного метода решения задачи, приводятся тексты программ на алгоритмических языках Borland С и Delphi, реализующие данные алгоритмы с помощью вычислительных средств. Уделяется внимание поиску оптимальных решений с использованием электронных таблиц Excel, включая надстройку Excel «Поиск решения». Все методы иллюстрируются примерами оптимизации функций. Приводятся задачи для самостоятельного решения.
|
| 606 |
1 |
|
|a Оптимизации методы
|x (математика)
|2 stltpush
|3 (RuTPU)RU\TPU\subj\53318
|9 71633
|
| 610 |
1 |
|
|a функции одной переменной
|
| 610 |
1 |
|
|a минимизация
|
| 610 |
1 |
|
|a функции многих переменных
|
| 610 |
1 |
|
|a безусловная минимизация
|
| 610 |
1 |
|
|a условная оптимизация
|
| 610 |
1 |
|
|a задачи
|
| 610 |
1 |
|
|a квадратичное программирование
|
| 610 |
1 |
|
|a линейное программирование
|
| 610 |
1 |
|
|a целочисленное программирование
|
| 610 |
1 |
|
|a практикумы
|
| 610 |
1 |
|
|a функции одной переменной
|
| 610 |
1 |
|
|a математика
|
| 675 |
|
|
|a 519.85(076.5)
|v 3
|
| 700 |
|
1 |
|a Соболь
|b Б. В.
|g Борис Владимирович
|
| 701 |
|
1 |
|a Месхи
|b Б. Ч.
|g Бесик Чохоевич
|
| 701 |
|
1 |
|a Каныгин
|b Г. И.
|g Георгий Иванович
|
| 801 |
|
1 |
|a RU
|b 63413507
|c 20100208
|
| 801 |
|
2 |
|a RU
|b 63413507
|c 20150508
|g RCR
|
| 942 |
|
|
|c BK
|
| 959 |
|
|
|a 1/20100204
|d 2
|e 160,80
|f АНЛ:1
|f ЧЗТЛ:1
|